000 00462nam a2200157 i 4500
001 104604
003 ES-MaACL
005 20230906183639.0
007 t|
008 201023s1891 sp ||||1| spa d
110 0 _aUniversidad Literaria de Salamanca.
_97390
245 1 0 _aMemoria... curso académico 1890 a 1891.
260 _aSalamanca :
_b[s.n.],
_c1891.
610 2 4 _aUniversidad Literaria de Salamanca-
_vMemorias.
_9155720
852 _aES-MaACL
_jT-657-F-2
999 _c104604
_d104604